000 00634nam a2200205 a 4500
001 000023569
005 20200930022321.0
008 101213s1974 sp r 000 0 spa d
020 _a8471790742
040 _aDO-SdBNP
_bspa
_cBNPHU
082 _a616.89
_bV145c
100 1 _aValdés, Manuel
_948579
245 1 0 _aLa confusión de los psiquiatras /
_cManuel Valdés ; prólogo Antonio Calderón.
260 _aBarcelona, España :
_bEspaxs,
_c1974.
300 _a156, [1] p. ;
_c20 cm.
650 4 _aPsiquiatras
_948580
650 4 _aPersonal de salud mental
_948581
700 1 _aCalderón, Antonio
_epról.
_948582
049 _aBNGR
999 _c23065
_d23065